000 01007nam a22002537a 4500
999 _c63656
_d63656
005 20240530110652.0
008 171214s2016 ua ah g b 000 0 ara d
017 _a2015/22153
_bمصر. دار الكتب
020 _a9777800341
040 _aEG-CaGPL
_cEG-CaGPL
082 0 4 _221
_a158.1 /
_bم ع
100 0 _aمحمد السعيد ابو حلاوة
245 1 0 _aعلم النفس الايجابى :
_bنشاتة وتطورة ونماذج من قضاياة /
_cتاليف محمد السعيد ابو حلاوة ، عاطف مسعد الحسينى الشربينى
250 _aط.1
260 _aالقاهرة :
_bعالم الكتب ،
_c2016.
300 _a290 ص. :
_bايض ؛
_c24 سم.
504 _aيشتمل على ارجاعات ببليوجرافية
650 0 7 _2qrmak
_aعلم النفس
650 0 7 _2qrmak
_aالصحة النفسية
651 _2qrmak
653 0 _aعلم النفس الايجابى
942 _2ddc
_cBK